VPLYV OBALOVÝCH KONŠTRUKCIÍ NA TEPELNÚ STABILITU NADSTAVIEB OBYTNÝCH BUDOV V LETNOM OBDOBÍ

Bibliographic Details
Main Author: Tóth, Stanislav, 1956- (Author)
Format: Article
Language:Slovak

MARC

LEADER 00000nab a2200000 a 4500
001 vtls011120136
003 SK-MaSNL
005 20260303145456.0
008 230222|2012 xo |||||||||||||||||slo|
015 |a SNBRB 
035 |a (uuid)182f4aaa-7915-4699-81a7-fdf56a3a0f18 
035 |a (urnnbn)urn:nbn:sk:snk:ar-a08p6f 
035 |a urn:nbn:sk:snk-ab9qpu 
040 |a SNKBUCL  |b slo  |c SNKBUCL  |e AACR2 
041 0 |a slo 
044 |a xo  |c SK 
100 1 |a Tóth, Stanislav,  |d 1956-  |4 aut  |9 219870 
245 1 0 |a VPLYV OBALOVÝCH KONŠTRUKCIÍ NA TEPELNÚ STABILITU NADSTAVIEB OBYTNÝCH BUDOV V LETNOM OBDOBÍ  |c Stanislav Tóth 
773 0 |t Správca bytových domov : odborný časopis zaoberajúci sa správou bytových domov  |g Roč. 7, č. 3 (2012), s. 30-32 
954 |a odborná, vedecká literatúra pôvodná (slovenská)  |2 lita 
958 |a OND 
958 |a EUIPO 
958 |a article13 
999 |c 2003236  |d 2005166